| 000 | 00629nam a2200205 a 4500 | ||
|---|---|---|---|
| 001 | BRCA_7258 | ||
| 005 | 20190320205754.0 | ||
| 008 | 260112s2005----cc-a######---#000-0#eng-# | ||
| 020 | _a1857593359 | ||
| 041 | _aeng | ||
| 044 | _acc | ||
| 050 | 4 |
_aN820 _b.R45 2005 |
|
| 100 | 1 |
_aReich, Paula _917976 |
|
| 245 | 1 | 0 |
_aToledo Museum of Art _bmap and guide _cPaula Reich. |
| 260 |
_aChina _bScala Publishers _cc2005 |
||
| 300 |
_a64 p. _bil. a color _c23 cm. |
||
| 500 | _aIncluye una dedicatoria al Museo Franz Mayer del Toledo Museum of Art | ||
| 610 | 2 | 4 |
_aToledo Museum of Art _vGuĂas _xColecciones de arte _917977 |
| 942 |
_2lcc _cB |
||
| 999 |
_c6939 _d6939 |
||